<?xml version="1.0" encoding="UTF-8"?><?xml-stylesheet type="text/xsl" href="static/style.xsl"?><OAI-PMH xmlns="http://www.openarchives.org/OAI/2.0/" xmlns:xsi="http://www.w3.org/2001/XMLSchema-instance" xsi:schemaLocation="http://www.openarchives.org/OAI/2.0/ http://www.openarchives.org/OAI/2.0/OAI-PMH.xsd"><responseDate>2026-04-29T07:25:38Z</responseDate><request verb="GetRecord" identifier="oai:repisalud.isciii.es:20.500.12105/25925" metadataPrefix="marc">https://repisalud.isciii.es/rest/oai/request</request><GetRecord><record><header><identifier>oai:repisalud.isciii.es:20.500.12105/25925</identifier><datestamp>2025-12-18T12:58:44Z</datestamp><setSpec>com_20.500.12105_2203</setSpec><setSpec>com_20.500.12105_2202</setSpec><setSpec>col_20.500.12105_19505</setSpec></header><metadata><record xmlns="http://www.loc.gov/MARC21/slim" xmlns:dcterms="http://purl.org/dc/terms/" xmlns:doc="http://www.lyncode.com/xoai" xmlns:xsi="http://www.w3.org/2001/XMLSchema-instance" xsi:schemaLocation="http://www.loc.gov/MARC21/slim http://www.loc.gov/standards/marcxml/schema/MARC21slim.xsd">
   <leader>00925njm 22002777a 4500</leader>
   <datafield ind2=" " ind1=" " tag="042">
      <subfield code="a">dc</subfield>
   </datafield>
   <datafield ind2=" " ind1=" " tag="720">
      <subfield code="a">Instituto de Salud Carlos III. Centro Nacional de Epidemiología</subfield>
      <subfield code="e">author</subfield>
   </datafield>
   <datafield ind2=" " ind1=" " tag="720">
      <subfield code="a">Instituto de Salud Carlos III. Centro Nacional de Microbiología</subfield>
      <subfield code="e">author</subfield>
   </datafield>
   <datafield ind2=" " ind1=" " tag="720">
      <subfield code="a">Grupo SiVIRA de vigilancia y efectividad vacunal en España</subfield>
      <subfield code="e">author</subfield>
   </datafield>
   <datafield ind2=" " ind1=" " tag="260">
      <subfield code="c">2024-07-21</subfield>
   </datafield>
   <datafield ind2=" " ind1=" " tag="520">
      <subfield code="a">A nivel sindrómico, la tasa de IRAs a nivel nacional es de 282,5 casos/100.000 habitantes (317,3 casos/100.000 habitantes en la semana previa). Las tasas de síndrome gripal son de 6,7 casos/100.000 habitantes (7,2 casos/100.000 habitantes en la semana previa) y las de bronquiolitis 0,8 casos/100.000 habitantes (0,8 casos/100.000 habitantes en la semana previa). El porcentaje de positividad es de 2,9% para gripe (0,8% en la semana previa), 37,8% para SARS-CoV-2 (40,7% en la semana previa) y 0% para VRS (0,8% en la semana previa). El proxy de gripe (IRAs x positividad a gripe) estima una incidencia de gripe de 8,2 casos/100.000 habitantes (2,5 casos/100.000 habitantes en la semana previa), situándose en valores basales desde la semana 06/24. El proxy de COVID-19 (IRAs x positividad a COVID-19) estima una incidencia de COVID-19 de 106,8 casos/100.000 habitantes (129,1 casos/100.000 habitantes en la semana previa).El proxy de VRS (IRAs x positividad a VRS) estima una incidencia de VRS de 0 casos/100.000 habitantes (2,5 casos/100.000 habitantes en la semana previa). Vigilancia de Infección Respiratoria Aguda Grave (IRAG) en Hospitales. La tasa de hospitalización por IRAG es de 11,8 casos/100.000 habitantes (13,3 casos/100.000 habitantes en la semana previa). El porcentaje de positividad es de 0% para gripe (1,3% en la semana previa), 35,4% para SARS-CoV-2 (37% en la semana previa) y 0% para VRS (1% en la semana previa). El proxy estima una tasa de hospitalización por gripe de 0 casos/100.000 habitantes (0,2 casos/100.000 habitantes en la semana previa). En términos de gravedad, desde el inicio de temporada, los casos hospitalizados por gripe presentan un 31,2% de neumonía, un 5,6% de admisión en UCI y un 7,3% de letalidad. El proxy estima una tasa de hospitalización por COVID-19 de 4,2 casos/100.000 habitantes (4,9 casos/100.000 habitantes en la semana previa). En términos de gravedad, desde el inicio de temporada, los casos hospitalizados por COVID-19 presentan un 28,8% de neumonía, un 4% de admisión en UCI y un 7,4% de letalidad. El proxy estima una tasa de hospitalización por VRS de 0 casos/100.000 habitantes (0,1 casos/100.000 habitantes en la semana previa). En términos de gravedad, desde el inicio de temporada, los casos hospitalizados por VRS presentan un 19% de neumonía, un 10,4% de admisión en UCI y un 3,9% de letalidad.</subfield>
   </datafield>
   <datafield ind1="8" ind2=" " tag="024">
      <subfield code="a">Vigilancia centinela de Infección Respiratoria Aguda en Atención Primaria (IRAs) y en Hospitales (IRAG) en España. Gripe, COVID-19 y otros virus respiratorios. Semana 29/2024 (del 15 de julio al 21 de julio de 2024).</subfield>
   </datafield>
   <datafield ind1="8" ind2=" " tag="024">
      <subfield code="a">https://hdl.handle.net/20.500.12105/25925</subfield>
   </datafield>
   <datafield tag="653" ind2=" " ind1=" ">
      <subfield code="a">Gripe</subfield>
   </datafield>
   <datafield tag="653" ind2=" " ind1=" ">
      <subfield code="a">COVID-19</subfield>
   </datafield>
   <datafield tag="653" ind2=" " ind1=" ">
      <subfield code="a">Virus respiratorio sincitial</subfield>
   </datafield>
   <datafield tag="653" ind2=" " ind1=" ">
      <subfield code="a">VRS</subfield>
   </datafield>
   <datafield tag="653" ind2=" " ind1=" ">
      <subfield code="a">Vigilancia Epidemiológica</subfield>
   </datafield>
   <datafield ind2="0" ind1="0" tag="245">
      <subfield code="a">Vigilancia centinela de Infección Respiratoria Aguda en Atención Primaria (IRAs) y en Hospitales (IRAG) en España. Gripe, COVID-19 y otros virus respiratorios. Semana 29/2024 (del 15 de julio al 21 de julio de 2024).</subfield>
   </datafield>
</record></metadata></record></GetRecord></OAI-PMH>